000 02365nam0a2200385 4500
001 RU\NLR\bibl\1925682
005 20260406003747.0
010 _a978-5-86341-365-5
_9200
021 _aRU
_b2012-46572
_93415
035 _a(nilc)RSL-KNO-005458672
035 _a(NLR Aleph) 001915092
090 _a3229207
_c3229207
100 _a20131026d2012 |||y0rusy50 ca
101 0 _arus
102 _aRU
105 _aa |||||||||
200 1 _aПробиотики для животных
_eучебно-методическое пособие
_eдля студентов высших учебных заведений, обучающихся по направлению подготовки (специальности) 111801 - Ветеринария (квалификация (степень) "специалист")
_fГрязнева Т.Н., Смирнова Е.А., Иванова Е.Б.
_gМ-во сел. хоз-ва РФ, Федер. гос. бюджет. образоват. учреждение высш. проф. образования "Моск. гос. акад. вет. медицины и биотехнологии им. К.И. Скрябина"
210 _aМосква
_cИздательско-полиграфический отдел ФГБОУ ВПО МГАВМиБ
_d2012
215 _a255, [2] с.
_cил., табл.
_d20
320 _aБиблиогр.: с. 222-256 (505 назв.)
606 1 _aПробиотики
_jУчебно-методические пособия для высших учебных заведений
_xПрименение в ветеринарии
_91368407
_3RU\NLR\AUTH\66259110
610 0 _aпробиотики в кормах
686 _aП855.5я73-14
_2rubbk
686 1 _aП821.3я73
700 1 _aГрязнева
_bТ. Н.
_gТатьяна Николаевна
_4070
701 1 _4070
_8rus
_7ca
_aСмирнова
_bЕ. А.
_cканд. биол. наук, биотехнология
_gЕкатерина Александровна
_3RU\NLR\AUTH\77113284
_996209
701 1 _4070
_8rus
_7ca
_aИванова
_bЕ. Б.
_cканд. мед. наук
_gЕлена Борисовна
_3RU\NLR\AUTH\7722903
_95958
801 0 _aRU
_bRuMoRKP
_c20120703
_grcr
801 1 _aRU
_bРГБ
_c20120703
801 2 _aRU
_bNLR
_c20120717
_grcr
942 _cBOOK
980 _aNBR
980 _aNB